Loading...
| History - World | 2 | 3 | 1 | 0 | 55 | 16 | 66.40 | 1 | 4 | 25.73 | 29.17 |
| History - American | 3 | 1 | 2 | 0 | 45 | 24 | 48.25 | 2 | 4 | 27.27 | 40.28 |
| Fine Arts - Painting and Sculpture | 2 | 1 | 0 | 0 | 40 | 52 | 73.00 | 0 | 1 | 15.57 | 12.50 |
| History - European | 0 | 4 | 1 | 2 | 35 | 103 | 115.75 | 0 | 1 | 3.26 | 19.44 |
| Other Academic | 1 | 1 | 1 | 0 | 20 | 41 | 58.50 | 0 | 1 | 36.13 | 37.50 |
| History - Ancient/Other | 0 | 2 | 0 | 0 | 20 | 72 | 84.50 | 0 | 0 | 7.96 | 10.71 |
| Social Science | 0 | 1 | 0 | 0 | 10 | 68 | 68.00 | 0 | 1 | 4.30 | 8.33 |
| Fine Arts - Other | 0 | 1 | 0 | 0 | 10 | 84 | 84.00 | 0 | 1 | 4.15 | 8.33 |
| Literature - American | 0 | 1 | 0 | 1 | 10 | 142 | 142.00 | 0 | 0 | 0.15 | 4.17 |
| Literature - British | 0 | 1 | 0 | 0 | 10 | 120 | 120.00 | 0 | 0 | 1.52 | 4.17 |
| Science - Physics | 0 | 1 | 0 | 1 | 10 | 120 | 120.00 | 0 | 0 | 0.09 | 4.17 |
| Current Events | 0 | 1 | 0 | 0 | 10 | 55 | 55.00 | 0 | 0 | 27.46 | 12.50 |
| Religion | 0 | 1 | 0 | 0 | 10 | 116 | 116.00 | 0 | 0 | 1.35 | 2.78 |
| History - Other | 0 | 1 | 1 | 1 | 5 | 118 | 118.00 | 0 | 0 | 0.83 | 6.25 |
| Mythology | 0 | 0 | 1 | 0 | -5 | 0.00 | 0 | 0 | 0.00 | 0.00 |